<?xml version="1.0" encoding="UTF-8"?>
<record
    xmlns:xsi="http://www.w3.org/2001/XMLSchema-instance"
    xsi:schemaLocation="http://www.loc.gov/MARC21/slim http://www.loc.gov/standards/marcxml/schema/MARC21slim.xsd"
    xmlns="http://www.loc.gov/MARC21/slim">

  <leader>00720cam a2200193   4500</leader>
  <controlfield tag="008">090306t1993    mx            000 0 spa u</controlfield>
  <datafield tag="020" ind1=" " ind2=" ">
    <subfield code="a">9682948800</subfield>
  </datafield>
  <datafield tag="035" ind1=" " ind2=" ">
    <subfield code="a">a479867</subfield>
  </datafield>
  <datafield tag="050" ind1="0" ind2="4">
    <subfield code="a">PQ7291 .S62 </subfield>
    <subfield code="b">S65 1993</subfield>
  </datafield>
  <datafield tag="245" ind1="1" ind2="0">
    <subfield code="a">Sonora un siglo de literatura : </subfield>
    <subfield code="b">Poes&#xED;a, narrativa y teatro (1936-1992) / </subfield>
    <subfield code="c"> Selec., prol. y notas de Gilda Rocha</subfield>
  </datafield>
  <datafield tag="250" ind1=" " ind2=" ">
    <subfield code="a">1a ed.</subfield>
  </datafield>
  <datafield tag="260" ind1=" " ind2=" ">
    <subfield code="a">M&#xE9;xico, D.F. : </subfield>
    <subfield code="b">Consejo Nacional para la Cultura y las Artes, </subfield>
    <subfield code="c">c1993</subfield>
  </datafield>
  <datafield tag="300" ind1=" " ind2=" ">
    <subfield code="a">373 p.; </subfield>
    <subfield code="c">21cm.</subfield>
  </datafield>
  <datafield tag="440" ind1=" " ind2=" ">
    <subfield code="a">Letras de la Rep&#xFA;blica</subfield>
  </datafield>
  <datafield tag="650" ind1=" " ind2="7">
    <subfield code="a">Literatura mexicana </subfield>
    <subfield code="z">M&#xE9;xico (Estado, de Sonora) </subfield>
    <subfield code="2">Lemb</subfield>
  </datafield>
  <datafield tag="700" ind1=" " ind2=" ">
    <subfield code="a">Rocha, Gilda </subfield>
    <subfield code="e"> Comp.</subfield>
  </datafield>
  <datafield tag="710" ind1=" " ind2=" ">
    <subfield code="a">Consejo Nacional para la Cultura y las Artes (M&#xE9;xico)</subfield>
  </datafield>
  <datafield tag="942" ind1=" " ind2=" ">
    <subfield code="2">lcc</subfield>
    <subfield code="c">LIB</subfield>
  </datafield>
  <datafield tag="999" ind1=" " ind2=" ">
    <subfield code="c">72156</subfield>
    <subfield code="d">72156</subfield>
  </datafield>
  <datafield tag="952" ind1=" " ind2=" ">
    <subfield code="1">0</subfield>
    <subfield code="2">lcc</subfield>
    <subfield code="4">0</subfield>
    <subfield code="7">0</subfield>
    <subfield code="a">INV-033</subfield>
    <subfield code="b">INV-033</subfield>
    <subfield code="c">GENERAL</subfield>
    <subfield code="d">2018-11-30</subfield>
    <subfield code="k">CSA</subfield>
    <subfield code="o">PQ7291 .S6S65 1993</subfield>
    <subfield code="p">IIH000027535</subfield>
    <subfield code="r">2018-11-30 00:00:00</subfield>
    <subfield code="t">C:1</subfield>
    <subfield code="y">LIB</subfield>
  </datafield>
</record>
